000 00656nam a2200193 a 4500
001 000017643
005 20240530073934.0
008 100329s1951 dr 000 0 spa d
040 _aDO-SdBNP
_bspa
_cBNPHU
082 _aRD864.44
_bH694p
100 1 _aHoepelman, Antonio
_d1874-1957
_938459
245 1 0 _aPapeles viejos :
_b(recuerdo de cosas pasadas) /
_cAntonio Hoepelman.
260 _aCiudad Trujillo, República Dominicana :
_bImpresora Dominicana,
_c1951.
300 _a98 p. ;
_c23 cm.
590 _aInventariado, 2019/VM
650 0 _aEnsayos dominicanos
_965
650 4 _aLiteratura duminicana
_938460
910 _aValidado. Control de calidad MFF
999 _c17168
_d17168